| 000 | 01032nam0a22002651i 4500 | ||
|---|---|---|---|
| 001 | rc\2301660 | ||
| 005 | 20240724000003.0 | ||
| 035 | _a(NLR Aleph) 006570020 | ||
| 090 |
_a6934786 _c6934786 |
||
| 100 | _a20110829d1977 |||y0rusy50 ca | ||
| 101 | 0 | _arus | |
| 102 | _aRU | ||
| 105 | _aa d ||||| | ||
| 200 | 1 |
_aГерметизация ран печени коллагеновой армированной губкой _e(Эксперим. исследование) _eАвтореф. дис. на соиск. учен. степени к. м. н. _fМоск. мед. стоматол. ин-т им. Н.А. Семашко |
|
| 210 |
_aМосква _d1977 |
||
| 215 |
_a25 с. _cил. _d30 |
||
| 320 | _aСписок работ авт.: с. 25 | ||
| 333 | _aДСП. Экз. № 5 | ||
| 700 | 1 |
_aКуликовский _bН.Н. _gНиколай Николаевич |
|
| 801 | 0 |
_aRU _bNLR _gpsbo |
|
| 801 | 1 |
_aRU _bELAR _2rusmarc |
|
| 852 |
_aNLR _j77-50К/2256 |
||
| 899 |
_aRuMoRGB _jДСП/ |
||
| 899 |
_aRuMoRGB _jДр 77/682 |
||
| 942 | _cBOOK | ||